000 00515nam a2200169 a 4500
005 20140412111249.0
008 030411s19uu xx 00 eng d
020 _a0-590-43945-6
050 _aTR(PS E
_bJa12 1989
100 _aNietzel, Shirley
245 _aJacket i wear in the snow (The) /
_cby Shirley Neitzel ; pictures by Nancy Winslow Parker.
260 _aNew York :
_bScholastic Inc,
_c1989.
300 _a1 v. (unp.) ; ill.
650 _aSnows--Fiction
650 _aDresses--Fiction
999 _c103049
_d103049